Challenges of Livelihood and Inclusive Rural Development in the Era of Globalization/ (Record no. 188864)

MARC details
000 -LEADER
fixed length control field 00652nam a22001937a 4500
005 - DATE AND TIME OF LATEST TRANSACTION
control field 20220606170243.0
010 ## - LCCN (DPL NO)
LC control number ENG-133042
020 ## - INTERNATIONAL STANDARD BOOK NUMBER
International Standard Book Number 9789381274255
Terms of availability 1195.00
035 ## - SYSTEM CONTROL NUMBER
System control number EN-116574
037 ## - SOURCE OF ACQUISITION
Source of stock number/acquisition DBAD/PUB
082 ## - DEWEY DECIMAL CLASSIFICATION NUMBER
Classification number 307.1412
100 ## - MAIN ENTRY--PERSONAL NAME
Personal name Chattopadhyay, Pranab Kumar
245 ## - TITLE STATEMENT
Title Challenges of Livelihood and Inclusive Rural Development in the Era of Globalization/
Statement of responsibility, etc Pranab Kumar Chattopadhyay
260 ## - PUBLICATION, DISTRIBUTION, ETC. (IMPRINT)
Place of publication, distribution, etc New Delhi
Name of publisher, distributor, etc New Delhi Publishers
Date of publication, distribution, etc 2013
270 ## - ADDRESS
Address 90, Sainik Vihar, Mohan Garden
City New Delhi
Postal code 110059
300 ## - PHYSICAL DESCRIPTION
Extent 464p.
Dimensions 22cm(hbk)
700 ## - ADDED ENTRY--PERSONAL NAME
Personal name Sudipta Bhattacharya
942 ## - ADDED ENTRY ELEMENTS (KOHA)
Source of classification or shelving scheme Dewey Decimal Classification
Item type English Books
Call number suffix CHA
Classification part 307.1412
Holdings
Withdrawn status Lost status Not for loan Collection code Home library Current library Date acquired Source of acquisition Cost, normal purchase price Full call number Barcode Copy number Cost, replacement price Koha item type
      Non-fiction Bawana Bawana 06/06/2022 DBAD/PUB 1195.00 307.1412 CHA EN-116574 1 1195.00 English Books

© Delhi Public Library
Hit Counter
free hit counter